000 00270nam a22001217a 4500
008 170905b xxu||||| |||| 00| 0 eng d
041 _aeng
080 _a61
100 _a04
101 _aMIK
245 _aENGLISH FOR MEDICAL STUDENTS
_cSTEFANLLARI,I
942 _2udc
_cBK
999 _c26113
_d26113